Fundamentals of Physics / (Record no. 181161)
[ view plain ]
| 000 -LEADER | |
|---|---|
| fixed length control field | 01620 a2200217 4500 |
| 003 - CONTROL NUMBER IDENTIFIER | |
| control field | Nust |
| 005 - DATE AND TIME OF LATEST TRANSACTION | |
| control field | 20260207103415.0 |
| 010 ## - LIBRARY OF CONGRESS CONTROL NUMBER | |
| LC control number | 80017184 |
| 020 ## - INTERNATIONAL STANDARD BOOK NUMBER | |
| International Standard Book Number | 9971513307 |
| 040 ## - CATALOGING SOURCE | |
| Transcribing agency | Nust |
| 082 00 - DEWEY DECIMAL CLASSIFICATION NUMBER | |
| Classification number | 530,HAL |
| 100 1# - MAIN ENTRY--PERSONAL NAME | |
| Personal name | Halliday, David |
| 9 (RLIN) | 5033 |
| 245 10 - TITLE STATEMENT | |
| Title | Fundamentals of Physics / |
| Statement of responsibility, etc. | David Halliday, Robert Resnick & Jearl Walker |
| 250 ## - EDITION STATEMENT | |
| Edition statement | 6th ed. |
| 260 ## - PUBLICATION, DISTRIBUTION, ETC. | |
| Place of publication, distribution, etc. | Singapore |
| Name of publisher, distributor, etc. | Wiley, |
| Date of publication, distribution, etc. | c1981. |
| 300 ## - PHYSICAL DESCRIPTION | |
| Extent | xv, 1044, [32] p. : |
| Other physical details | ill. ; |
| Dimensions | 27 cm. |
| 505 ## - FORMATTED CONTENTS NOTE | |
| Formatted contents note | Measurement (Page-1), Motions Along a Straight Line (Page-11), Vectors (Page-31), Motion in two and Three Dimensions (Page-48), Force and Motion (Page-72), Force and Motion (Page-98), Kinetic Energy and Work (Page-116), Potential Energy and Conservation of Energy (Page-139), Systems of Particles (Page-168), Collisions (Page-193), Rotation (Page-215) Rolling Torque and Angular Momentum (Page-245), Equilibrium and Elasticity (Page-275), Gravitations (Page-294), Magnetic Field due to Currents (Page-686) Induction and Inductance (Page-710) Magnetism of Matter Maxwell Equations (Page-744), Electromagnetic Oscillations and Alternating (Page-768), Electromagnetic Waves (Page-801), Images (Page-833), Interference (Page-861), Diffraction (Page-890), Relativity (Page-919), Photons and Matter Waves (Page-953), More about Matter Waves (Page-979), All about Atoms (Page-1006), Conductions of Electricity in Solids (Page-1037), Nuclear Physics (Page-1062), Energy from the Nucleus (Page-1092), Quarks Leptons and Big Bang (Page-1116). |
| 650 #0 - SUBJECT ADDED ENTRY--TOPICAL TERM | |
| Topical term or geographic name entry element | Fundamentals of Physics |
| 9 (RLIN) | 124532 |
| 700 1# - ADDED ENTRY--PERSONAL NAME | |
| Personal name | Resnick, Robert, |
| Dates associated with a name | 1923- |
| 9 (RLIN) | 1506 |
| 942 ## - ADDED ENTRY ELEMENTS (KOHA) | |
| Source of classification or shelving scheme | |
| Koha item type | Book |
| Withdrawn status | Lost status | Source of classification or shelving scheme | Damaged status | Not for loan | Permanent Location | Current Location | Shelving location | Date acquired | Total Checkouts | Full call number | Barcode | Date last seen | Date last checked out | Price effective from | Koha item type | Public note |
|---|---|---|---|---|---|---|---|---|---|---|---|---|---|---|---|---|
| Military College of Signals (MCS) | Military College of Signals (MCS) | General Stacks | 12/12/2016 | 1 | 530,HAL | MCS30781 | 01/27/2026 | 02/15/2023 | 12/12/2016 | Book | Almirah No.15, Shelf No.3 |
